Online
Catalog

La pequeña y mediana empresa en la economía nacional. / (Record no. 28395)

MARC details
000 -CABECERA
campo de control de longitud fija 00749nam a2200169 a 4500
001 - NÚMERO DE CONTROL
campo de control 000028903
005 - FECHA Y HORA DE LA ÚLTIMA TRANSACCIÓN
campo de control 20210408120842.0
008 - DATOS DE LONGITUD FIJA--INFORMACIÓN GENERAL
campo de control de longitud fija 110412s1993 dr 000 0 spa d
040 ## - FUENTE DE LA CATALOGACIÓN
Centro catalogador/agencia de origen DO-SdBNP
Lengua de catalogación spa
Centro/agencia transcriptor BNPHU
082 ## - NÚMERO DE LA CLASIFICACIÓN DECIMAL DEWEY
Número de clasificación xxxx
Número de documento/Ítem G993
049 ## - FONDOS LOCALES (OCLC)
Fondos de biblioteca BNPD
100 ## - ENTRADA PRINCIPAL--NOMBRE DE PERSONA
Nombre de persona Guzmán Álvares, José Antonio
9 (RLIN) 55976
245 13 - MENCIÓN DE TÍTULO
Título La pequeña y mediana empresa en la economía nacional. /
Mención de responsabilidad, etc. José Antonio Guzmán Álvarez.
260 ## - PUBLICACIÓN, DISTRIBUCIÓN, ETC.
Lugar de publicación, distribución, etc. Santo Domingo :
Nombre del editor, distribuidor, etc. Universidad Nacional Pedro Henríquez Ureña (UNPHU),
Fecha de publicación, distribución, etc. 1993.
300 ## - DESCRIPCIÓN FÍSICA
Extensión [16 p.] ;
Dimensiones 22 cm.
500 ## - NOTA GENERAL
Nota general Conferencia dictada por el director de la Corporación de Fomento Indusrial (CFI) José Antonio Guzmán Álvarez en la Universidad Nacional Pedro Henríquez Ureña (UNPHU) el 24 de noviembre de 1993
Holdings
Estado de retiro Estado de pérdida No para préstamo Código de colección Localización permanente Ubicación/localización actual Ubicación en estantería Fecha de adquisición Número de inventario Total de préstamos Signatura topográfica completa Código de barras Fecha visto por última vez Precio válido a partir de Tipo de ítem Koha
    Excluido de préstamo Patrimonio Dominicano Patrimonio Dominicano Patrimonio Dominicano En catalogación 12.04.2011 LF1   xxxx G993 28903-10 25.06.2020 25.06.2020 Libro y Folleto Colección Patrimonio Dominicano

Powered by Koha